|
|
|
|
| LEADER |
00801nab a2200169 i 4500 |
| 001 |
univ51538 |
| 005 |
20190927083406.0 |
| 008 |
190927s2019 hu o 0|| zxx d |
| 040 |
|
|
|a SZTE UnivHistória Repozitórium
|b hun
|
| 041 |
|
|
|a zxx
|
| 245 |
0 |
0 |
|a Megjelent a SZEM Klinika Magazin
|h [elektronikus dokumentum]
|
| 260 |
|
|
|c 2019-09-26
|
| 490 |
0 |
|
|a SZTE Info
|
| 561 |
|
|
|a Egyetemi hirarchívum
|
| 695 |
|
|
|a SZEM Klinika Magazin, SZTE Nemzetközi és Közkapcsolati Igazgatóság, Szent-Györgyi Albert Klinikai Központ, Egyetemi kiadvány
|
| 856 |
4 |
0 |
|u http://univ.bibl.u-szeged.hu/51538/1/Szegedi%20Tudom%C3%A1nyegyetem%20_%20Megjelent%20a%20SZEM%20Klinika%20Magazin.pdf
|z Dokumentum-elérés
|
| 856 |
4 |
0 |
|u http://univ.bibl.u-szeged.hu/51538/2/szte_klinika_magazin_2019_01_inner_t4_10_web.pdf
|z Dokumentum-elérés
|